Taxmann's illustrated guide to Indian accounting standards : (Record no. 96342)

MARC details
000 -LEADER
fixed length control field 00804nam a22002177a 4500
005 - DATE AND TIME OF LATEST TRANSACTION
control field 20160330145058.0
010 ## - LCCN (DPL NO)
LC control number 1516ENO7 ENG-114524
020 ## - INTERNATIONAL STANDARD BOOK NUMBER
International Standard Book Number 9789350716267
Terms of availability 1400.00
035 ## - SYSTEM CONTROL NUMBER
System control number EN-98056
035 ## - SYSTEM CONTROL NUMBER
System control number B-606910-920
037 ## - SOURCE OF ACQUISITION
Stock number DPL
Source of stock number/acquisition Variaty/Ven
037 ## - SOURCE OF ACQUISITION
Source of stock number/acquisition DBAD/PUB
082 ## - DEWEY DECIMAL CLASSIFICATION NUMBER
Classification number 657.0954
100 ## - MAIN ENTRY--PERSONAL NAME
Personal name Chatterjee, B.D.
245 ## - TITLE STATEMENT
Title Taxmann's illustrated guide to Indian accounting standards :
Statement of responsibility, etc by B.D.Chatterjee
Remainder of title lnd ASs /
260 ## - PUBLICATION, DISTRIBUTION, ETC. (IMPRINT)
Place of publication, distribution, etc New Delhi
Name of publisher, distributor, etc Taxmann Publications
Date of publication, distribution, etc 2015
270 ## - ADDRESS
Address 59/32, New Rohtak Road
City New Delhi
Postal code 110005
300 ## - PHYSICAL DESCRIPTION
Extent I-148,826p.
Dimensions 25cm(Hb)
942 ## - ADDED ENTRY ELEMENTS (KOHA)
Source of classification or shelving scheme Dewey Decimal Classification
Item type English Books
Call number suffix CHA
Classification part 657.0954
Holdings
Withdrawn status Lost status Not for loan Collection code Home library Current library Date acquired Source of acquisition Cost, normal purchase price Full call number Barcode Copy number Cost, replacement price Koha item type
      Non-fiction Bawana Bawana 30/03/2016 IN1151/23.9.2015/160/16.9.2015/23.10.2015 1400.00 657.0954 CHA B-606920 1 1400.00 English Books
      Non-fiction Central Library Central Library 30/03/2016 IN1151/23.9.2015/160/16.9.2015/23.10.2015 1400.00 657.0954 CHA B-606910 1 1400.00 English Books
    Not For Loan Reference Central Library Central Library 30/03/2016 IN1151/23.9.2015/160/16.9.2015/23.10.2015 1400.00 657.0954 CHA B-606911 1 1400.00 English Books
    Not For Loan Non-fiction D.B.Act.Division D.B.Act.Division 15/12/2015 DBAD/PUB 1400.00 657.0954 CHA EN-98056 1 1400.00 English Books
      Non-fiction Janak Puri Janak Puri 30/03/2016 IN1151/23.9.2015/160/16.9.2015/23.10.2015 1400.00 657.0954 CHA B-606916 1 1400.00 English Books
      Non-fiction Karol Bagh Karol Bagh 30/03/2016 IN1151/23.9.2015/160/16.9.2015/23.10.2015 1400.00 657.0954 CHA B-606918 1 1400.00 English Books
      Non-fiction Kasturba Gandhi Marg Kasturba Gandhi Marg 30/03/2016 IN1151/23.9.2015/160/16.9.2015/23.10.2015 1400.00 657.0954 CHA B-606913 1 1400.00 English Books
      Non-fiction Narela Narela 30/03/2016 IN1151/23.9.2015/160/16.9.2015/23.10.2015 1400.00 657.0954 CHA B-606919 1 1400.00 English Books
      Non-fiction Patel Nagar Patel Nagar 30/03/2016 IN1151/23.9.2015/160/16.9.2015/23.10.2015 1400.00 657.0954 CHA B-606912 1 1400.00 English Books
      Non-fiction Peshwa Road Peshwa Road 30/03/2016 IN1151/23.9.2015/160/16.9.2015/23.10.2015 1400.00 657.0954 CHA B-606914 1 1400.00 English Books
      Non-fiction Sarojini Nagar Sarojini Nagar 30/03/2016 IN1151/23.9.2015/160/16.9.2015/23.10.2015 1400.00 657.0954 CHA B-606917 1 1400.00 English Books
      Non-fiction Tri Nagar Tri Nagar 30/03/2016 IN1151/23.9.2015/160/16.9.2015/23.10.2015 1400.00 657.0954 CHA B-606915 1 1400.00 English Books

© Delhi Public Library
Hit Counter
free hit counter